Hustler white /

I tiakina i:
Ngā taipitopito rārangi puna kōrero
Ētahi atu kaituhi: Ward, Tony, Austin, Alex (attore), LaBruce, Bruce
Hōputu: Reti
Reo:Itāriana
I whakaputaina: [Milano] : Emik, 1996
Rangatū:Lifestyle
Ngā Tūtohu: Tāpirihia he Tūtohu
Kāore He Tūtohu, Me noho koe te mea tuatahi ki te tūtohu i tēnei pūkete!

MARC

LEADER 00000ngm a22000007i 4500
001 IT\ICCU\UBO\2590443
003 ItRI
005 20260124182812.0
008 071008s1996 it |||||||||||||||k|||||c
028 4 2 |a EMKV04050P 
040 |b ita 
041 7 |a ita  |2 ISO-639-2 
130 0 |a Hustler white <film ; 1996>  |3 IT\ICCU\UBO\3295670 
245 0 0 |a Hustler white /  |c un film di Bruce La Bruce. 
260 |a [Milano] :  |b Emik,  |c 1996 
300 |a 1 videocassetta (VHS) (79 min.) :  |b color., son 
500 |a Tit. del contenitore 
500 |a Film del 1996, prod. Canada/Germania; interpreti: Tony Ward, Bruce La Bruce, Alex Austin 
500 |a Film vietato ai minori di 18 anni. 
700 1 |a Ward, Tony  |0 IT\ICCU\MILV\147544 
700 1 |a Austin, Alex  |c  (attore)  |0 IT\ICCU\UBOV\194741 
700 1 |a LaBruce, Bruce  |0 IT\ICCU\UBOV\757089 
830 0 |a Lifestyle  |0 IT\ICCU\UBO\1428359 
942 |2 ddc  |c VM  |n 0 
952 |0 0  |1 0  |4 0  |6 VO_1047_000000000000000  |7 0  |9 26534  |a BO  |b BO  |d 2026-01-24  |i 8316  |l 0  |o VO 1047  |p BO8316  |r 2026-01-24 18:28:12  |w 2026-01-24  |x [Sebina 5] [1 videocassetta]  |y VM  |z 1 videocassetta 
952 |0 0  |1 0  |4 0  |6 VO_1162_000000000000000  |7 0  |9 26535  |a BO  |b BO  |d 2026-01-24  |i 9303  |l 0  |o VO 1162  |p BO9303  |r 2026-01-24 18:28:12  |w 2026-01-24  |x [Sebina 5] [1 videocassetta]  |y VM  |z 1 videocassetta 
999 |c 22437  |d 22437